000 01203nam a22003617a 4500
003 CHAP
005 20220329133319.0
008 971013s1991 r 00010 d
010 _a4773
011 _a5745
035 _a4960
040 _cCHAP
090 _aFolleto 13479
100 0 0 _aItó, Junichi.
_960689
245 _aAssessing the returns of R & D expenditures on post-war japanese agricultural production
260 _aTokyo, National Research :
_bInstitute of Agricultural Economics,
_c1991
300 _a26 p.
_b; gráfs.
490 _aResearch paper, 7
500 _a54-155
590 _aBATCH-UPD
_b10
_c20130110
_lUCH01
_h0204
590 _aBATCH-UPD
_b10
_c20130110
_lUCH01
_h1955
590 _aBATCH-UPD
_b10
_c20130409
_lUCH01
_h2215
590 _aBATCH-UPD
_b10
_c20130410
_lUCH01
_h1316
590 _aBATCH-UPD
_b10
_c20130913
_lUCH01
_h2111
590 _aCONVERSION
_b10
_c20130109
_lUCH01
_h1304
650 1 4 _aAgricultura
_xAspectos economicos
_xJapon.
_91264
650 1 4 _aAgricultura
_xJapón.
_91717
650 1 4 _aCultivos
_xRendimiento.
_930318
830 0 _aResearch paper, 7
_996077
901 _aBK
942 _cFOLL
949 _aFolleto 13479
_bBC
_cFOLL
_d-14526
_eTS1
_i4960
_mD
_si
999 _c4773
_d4773